| 000 | 00619cam a22001571 4500 | ||
|---|---|---|---|
| 082 | 0 | 0 |
_a674.43 _bGOV _cL-11, P-15 |
| 100 | 1 |
_aGolovach, Aleksandr Fedorovich. _945127 |
|
| 245 | 1 | 0 |
_aElectric drive in woodworking _c[by] A. Golovach. Translated from the Russian by I. Savin. |
| 260 |
_aMoscow, _bMIR Publishers, _c1967. |
||
| 300 |
_a323 p. _billus. _c23 cm. |
||
| 500 | _aTranslation of Elektrosilovoe oborudovanie derevoobrabatyvai︠u︡shchikh predprii︠a︡tiĭ. | ||
| 526 |
_a0 _b0 _c0 _d674_430000000000000_GOV |
||
| 650 | 0 |
_aMCE _9379 |
|
| 650 | 0 |
_aWoodworking machinery _xElectric driving. _945128 |
|
| 942 |
_2ddc _cBK |
||
| 999 |
_c548718 _d548718 |
||